[Event "Preinscritos IRT Online"]
[Site "Chess.com INT"]
[Date "2020.12.26"]
[Round "11"]
[White "Salazar, Gallardo"]
[Black "Palacios Gordillo, Camila Estefania"]
[Result "0-1"]
[WhiteElo "1804"]
[BlackElo "1611"]
[PlyCount "102"]
[EventDate "2020.12.26"]
[EventType "swiss"]
[EventRounds "11"]
[EventCountry "ECU"]
[SourceTitle "CBM 200 Extra"]
[Source "ChessBase"]
[SourceDate "2021.03.31"]
[SourceVersion "1"]
[SourceVersionDate "2021.03.31"]
[SourceQuality "1"]

1. e4 c5 2. Nc3 d6 3. Bc4 Nf6 4. d3 Nc6 5. Bb3 g6 6. Nge2 Bg7 7. 0-0 0-0 8. f3 Rb8 9. h3 b5 10. a4 b4 11. Nb1 a5 12. Be3 Nd7 13. Qc1 Nb6 14. g4 h5 15. Kg2 hxg4 16. hxg4 e6 17. Rh1 f6 18. Bh6 Qe7 19. Nf4 Ne5 20. Nd2 d5 21. Qg1 g5 22. Bxg7 Qxg7 23. exd5 gxf4 24. dxe6 c4 25. Nxc4 Nbxc4 26. dxc4 Bxe6 27. Qd4 Rbd8 28. Qxf4 Ng6 29. Qe3 f5 30. Qxe6+ Rf7 31. Qe3 fxg4 32. c5 gxf3+ 33. Kf2 Ne5 34. Bxf7+ Kf8 35. Be6 Qg2+ 36. Ke1 Qxh1+ 37. Kf2 Qg2+ 38. Ke1 f2+ 39. Qxf2+ Nf3+ 40. Ke2 Rd2+ 41. Ke3 Qxf2+ 42. Ke4 Re2+ 43. Kd5 Re5+ 44. Kd6 Qxc5+ 45. Kd7 Qd4+ 46. Kc6 Rc5+ 47. Kb7 Qe4+ 48. Kb6 Qc6+ 49. Ka7 Qc7+ 50. Ka6 Rc6+ 51. Kb5 Nd4# 0-1